000 00702nam a2200205Ii 4500
003 JO-AjNU
008 230605s9999||||xx |||||||||||||| ||und||
017 _a1981/913
040 _aJO-AjNU
_bara
_erda
_cJO-AjNU
041 _aara
050 1 4 _aHD1411.A9.1981
100 3 _aاسماعيل،عزيز شاهو,
_eauthor
_910472
245 0 0 _aسياسة التنمية الزراعية=Agricultural Development policy
264 3 1 _aبغداد:وزارة التعليم العالي والبحث العلمي ،1981
300 _a228ص
336 _atext
_btxt
_2rdacontent
337 _aunmediated
_bn
_2rdamedia
338 _avolume
_bnc
_2rdacarrier
650 4 _aالتنمية الزراعية
_910473
999 _aA1823
_c5391
_d5391